Propuesta de nuevo reglamento general de recaudación
Descripción Física:
[230] p. ; 30 cm
MARC
| LEADER | 00000nam a2200000Ia 4500 | ||
|---|---|---|---|
| 001 | 12747 | ||
| 003 | BGR | ||
| 005 | 20260324175239.0 | ||
| 008 | 160829s1983 xx 000 0 cat d | ||
| 080 | |a M-3-278 | ||
| 110 | 1 | |a Barcelona (Catalunya : Província). |b Diputació |b Servei de Recaptació de Tributs de l'Estat |9 52408 | |
| 245 | |a Propuesta de nuevo reglamento general de recaudación | ||
| 260 | |a [s.l.] : |b Diputació de Barcelona. Servicios de Recaudación de Tributos del Estado, |c 1983 | ||
| 300 | |a [230] p. ; |c 30 cm | ||
| 650 | |a Impostos |x Recaptació |x Reglaments i procediment |9 23043 | ||
| 901 | |a Arxiu | ||
| 942 | |n 1 |2 udc |c MON | ||
| 952 | |0 0 |1 0 |4 0 |6 M3278 |7 1 |9 42501 |a Arxiu |b Arxiu |d 2016-12-01 |l 0 |o M-3-278 |p 12747 |r 2016-12-01 00:00:00 |w 2016-12-01 |y ARXIU | ||
| 999 | |c 45006 |d 45006 | ||